Linz von der Industrie- zur Informationsgesellschaft 1984 - heute
| Titel: | Linz von der Industrie- zur Informationsgesellschaft 1984 - heute / Archiv der Stadt Linz. Hrsg. von Fritz Mayrhofer und Walter Schuster |
|---|---|
| Beteiligt: | |
| Körperschaft: | |
| Veröffentlicht: | Linz : Archiv der Stadt Linz, 2008 |
| Umfang: | 209 S. : überw. Ill. ; 31 cm, 1224 gr. |
| Format: | Buch |
| Sprache: | Deutsch |
| Schriftenreihe/ mehrbändiges Werk: |
Linz-Bilder ; 4 |
| RVK-Notation: | |
| ISBN: | 9783900388904 |
| Hinweise zum Inhalt: |
Inhaltsverzeichnis
|
alg: 20894053 001A $06000:06-02-09 001B $01999:03-06-23 $t03:56:53.000 001C $00034:08-06-11 $t16:00:20.000 001D $00123:04-03-11 001U $0utf8 001X $00 002@ $0Aau 003@ $0208940537 003O $0301991809 $aOCoLC 004A $A978-3-900388-90-4 $fPp. : EUR 30.00 004K $09783900388904 006G $0991658191 006T $009,N01,3892 006U $009,B07,0247 $f20081208 007A $0991658191 $aDNB 007G $0DE02037082E6A22C7482AC1257848003C0E6F 007T $0Herdhh208940537 009P $qapplication/pdf $A2 $3Inhaltsverzeichnis $uhttp://scans.hebis.de/HEBCGI/show.pl?20894053_toc.pdf $mV:DE-603;B:DE-Mb50 010@ $ager 011@ $a2008 $n2008 015@ $00 017A $asf 021A $aLinz von der Industrie- zur Informationsgesellschaft 1984 - heute $hArchiv der Stadt Linz. Hrsg. von Fritz Mayrhofer und Walter Schuster 028C $BHrsg. $#Mayrhofer, Fritz $#Mayrhofer, Friedrich $7110165373 $8Mayrhofer, Fritz$Z1944- [Tp1] $9124785247 029F $#Archiv der Stadt Linz $#Linz, Stadtarchiv $#Stadtarchiv Linz $#Linzer Stadtarchiv $#Archiv Linz $#Archiv der Stadt Linz $#Archiv der Stadt Linz $#Stadt Linz, Archiv $71000251-0 $8Linz$bArchiv [Tb1] $9041867688 033A $pLinz $nArchiv der Stadt Linz 034D $a209 S. 034I $a31 cm, 1224 gr. 034M $aüberw. Ill. 036E $aLinz-Bilder $l4 036F $x14 $8Linz-Bilder $9186465653 $l4 037A $aLiteraturverz. S. 202 - 206 044K $RUrfahr $#Linz $#Lentos Linz $#Lentia $#Lincia $#Stadtgemeinde Linz $#Stadt Linz $#Landeshauptstadt Linz $#Lincii $#Lentium $#Magistrat Linz $#Linz Österreich $#Linz an der Donau $#Linz Donau $74074255-6 $8Linz [Tg1] $9085209031 045E $c330 $c300 045F $a338.9436240222 $eDDC22ger 045F/01 $a338.9 045F/03 $f0222 045F/03 $g43624 045G $a910.9436 $eDDC23BSB 045G/01 $a910 045G/03 $g436 045R $aGeschichte 1984-2008 045Z $8NR 8291 [Tkv] $9410928895 lok: 20894053 13 exp: 20894053 13 1 #EPN 201B/01 $016-02-11 $t12:32:32.000 201C/01 $016-02-11 201U/01 $0utf8 203@/01 $0606127496 208@/01 $a16-02-11 $bz 209A/01 $aAV:4° /912 $du $f000 $hAV Q 912 $x00 209B/01 $a05 $x05 209G/01 $a02521350 $x00 247C/01 $8655000-9 <36>Mainz, Wissenschaftliche Stadtbibliothek Mainz $9102599564 lok: 20894053 15 101B $004-03-11 $t11:24:46.000 101C $004-03-11 101U $0utf8 145S/01 $a05000 exp: 20894053 15 1 #EPN 201B/01 $004-03-11 $t11:24:46.000 201C/01 $004-03-11 201U/01 $0utf8 203@/01 $0607892587 208@/01 $a04-03-11 $bz 209A/01 $a-Mag- UA 1279 $du $f100 $h-MAG- UA 1279 $x00 209C/01 $aTausch $hTAUSCH 209G/01 $a03176240 $x00 247C/01 $8655100-2 <123>Worms, Stadtbibliothek Worms $9102600732 lok: 20894053 23 exp: 20894053 23 1 #EPN 201B/01 $004-07-19 $t09:46:33.000 201C/01 $008-06-11 201U/01 $0utf8 203@/01 $0621523704 208@/01 $a08-06-11 $bz 209A/01 $a35 VHG 2663 $du $f030 $hVHG 2663 $x00 209G/01 $a25977190 $x00 209G/01 $aMagazin $x01 247C/01 $8352030-4 <34/30>Kassel, UB Kassel, Standort Brüder-Grimm-Platz, Landesbibliothek und Murhardsche Bibliothek der Stadt Kassel $9102599475 lok: 20894053 24 101B $023-02-11 $t15:35:38.000 101C $023-02-11 101U $0utf8 145Z/01 $a21 8 L 1 145Z/02 $a21 2 J exp: 20894053 24 1 #EPN 201B/01 $023-02-11 $t15:36:17.000 201C/01 $021-02-11 201U/01 $0utf8 203@/01 $0606279121 208@/01 $a23-02-11 $bz 209A/01 $a11.01057 $du $f050 $h11 01057 $x00 209C/01 $a11.01057 T $h11 01057 T 209G/01 $a72821009 $x00 220C/01 $ahae 247C/01 $8358050-7Marburg, Bibliothek des Herder-Instituts Marburg $9102600961 lok: 20894053 78 exp: 20894053 78 1 #EPN 201B/01 $019-04-17 $t21:30:53.000 201U/01 $0utf8 203@/01 $0793657342 208@/01 $a12-11-16 $be 209A/01 $a/ $f000 $x00 237A/01 $aweiterführende Signatur(en): : 11.01057 244Z/01 $aGeschichte 1984-2008 $x01 244Z/01 $aLinz $x02 244Z/01 $2Trx $#dzieło zbiorowe $8--Trx--Sammelwerk $x03 $9391384597 245Z/01 $a11.11 $x01 247C/01 $82080>Marburg/Lahn, Herder-Institut, Forschungsbibliothek, Bibliographieportal $9336309341
| LEADER | 00000cam a2200000 c 4500 | ||
|---|---|---|---|
| 001 | 208940537 | ||
| 003 | DE-603 | ||
| 005 | 20230603035653.0 | ||
| 007 | tu | ||
| 008 | 090206s2008 xx |||| | u00||u|ger | ||
| 015 | |a 09,B07,0247 |z 09,N01,3892 |2 dnb | ||
| 016 | 7 | |2 DE-101 |a 991658191 | |
| 020 | |a 9783900388904 |c Pp. : EUR 30.00 | ||
| 024 | 3 | |a 9783900388904 | |
| 035 | |a (DE-599)DNB991658191 | ||
| 035 | |a (OCoLC)301991809 | ||
| 040 | |a DE-603 |b ger |c DE-603 |d DE-603 | ||
| 041 | |a ger | ||
| 082 | 0 | 4 | |8 1\u |a 338.9436240222 |q DE-101 |2 22/ger |
| 083 | 0 | |8 2\u |a 910.9436 |q DE-101 |2 23/BSB | |
| 084 | |a 330 |a 300 |q DE-101 |2 sdnb | ||
| 084 | |a NR 8291 |0 (DE-625)129904: |0 (DE-603)410928895 |2 rvk | ||
| 085 | |8 1\u |b 338.9 | ||
| 085 | |8 1\u |z 1 |s 0222 | ||
| 085 | |8 1\u |z 2 |s 43624 | ||
| 085 | |8 2\u |b 910 | ||
| 085 | |8 2\u |z 2 |s 436 | ||
| 090 | |a b | ||
| 245 | 0 | 0 | |a Linz von der Industrie- zur Informationsgesellschaft 1984 - heute |c Archiv der Stadt Linz. Hrsg. von Fritz Mayrhofer und Walter Schuster |
| 264 | 1 | |a Linz |b Archiv der Stadt Linz |c 2008 | |
| 300 | |a 209 S. |b überw. Ill. |c 31 cm, 1224 gr. | ||
| 490 | 1 | |a Linz-Bilder |v 4 | |
| 500 | |a Literaturverz. S. 202 - 206 | ||
| 648 | 7 | |a Geschichte 1984-2008 |2 gnd | |
| 651 | 7 | |a Linz |0 (DE-588)4074255-6 |0 (DE-603)085209031 |2 gnd | |
| 700 | 1 | |a Mayrhofer, Fritz |d 1944- |e Hrsg. |4 edt |0 (DE-603)124785247 |0 (DE-588)110165373 |2 gnd | |
| 710 | 1 | |a Linz |b Archiv |0 (DE-603)041867688 |0 (DE-588)1000251-0 |2 gnd | |
| 830 | 0 | |t Linz-Bilder |v 4 |w (DE-603)186465653 |w (DE-600)2214502-3 |9 14 |7 as | |
| 856 | 4 | 2 | |m V:DE-603;B:DE-Mb50 |q application/pdf |u http://scans.hebis.de/HEBCGI/show.pl?20894053_toc.pdf |3 Inhaltsverzeichnis |
| 924 | 0 | |9 36 |a (DE-603)606127496 |b DE-36 |c HES |d c |g AV:4° /912 | |
| 924 | 0 | |9 123 |a (DE-603)607892587 |b DE-123 |c HES |d c |g -Mag- UA 1279 | |
| 924 | 0 | |9 34/30 |a (DE-603)621523704 |b DE-34-30 |c HES |d c |g 35 VHG 2663 |h Magazin | |
| 924 | 0 | |9 Mb 50 |a (DE-603)606279121 |b DE-Mb50 |c HES |d c |g 11.01057 | |
| 924 | 0 | |9 2080 |a (DE-603)793657342 |b DE-2080 |c HES |d d |g / | |


